000
00288nam a22001337a 4500
008
170309b xxu||||| |||| 00| 0 eng d
020
_a
9780070272354
041
_a
eng
080
_2
7 ED
_a
611
100
_a
6
101
_a
SHM
245
_a
HUMAN PHYSIOLOGY
_c
FOX.S.I
942
_2
udc
_c
BK
999
_c
7275
_d
7275